Представление документа в формате RUSMARC

ПолеНазваниеЗначение
  Тип записи a
  Библиографический уровень a
001 Контрольный номер RU/УОНБ/EK_Kray/637933716
005 Дата корректировки 20240131004835.9
100 Данные общей обработки __
a Данные общей обработки 20200319d2020 ||| 0rusy0189 ca
101 Язык документа 0_
a Язык текста rus
102 Страна публикации __
a Страна публикации RU
105 Кодированные данные (монография) __
a Кодированные данные (монография) y###||||000|y
200 Заглавие и сведения об ответственности 1_
a Заглавие Техник-сан и зубная фея
e Сведения, относящиеся к заглавию стихи
f Первые сведения об ответственности Андрей Цухлов
215 Физическое описание __
c Иллюстрации/тип воспроизводства 1 портр.
327 Примечание о содержании 1_
a Примечание о содержании Колобок
327 Примечание о содержании 11
a Примечание о содержании С утра покажут нам в окне, что склизко под колесами
327 Примечание о содержании 11
a Примечание о содержании Пчела и муха
327 Примечание о содержании 11
a Примечание о содержании Что муравей? Трудом своим прекрасен
327 Примечание о содержании 11
a Примечание о содержании Редеющий лес (ибо доски нужны на дрова)
461 Уровень набора _0
1 2000
a Симбирскъ
1 011
463 Уровень физической единицы _0
1 001RU/УОНБ/EK_Kray/637924627
1 2000
a № 2
v С. 68-70
1 210
d 2020
610 Ключевые слова 0_
a Ключевые слова стихи
686 Индексы других классификаций __
a Классификационный индекс 84-5
2 Код системы rubbk
700 Автор _1
a Фамилия Цухлов
b Имя (инициалы) А.
g Полное личное имя Андрей
4 Код отношения 070
801 Источник записи _0
a Страна RU
b Организация Ульяновская ОНБ
c Дата составления 20200319
g Правила каталогизации RCR
801 Источник записи _1
a Страна RU
b Организация Ульяновская ОНБ
c Дата составления 20200319
g Правила каталогизации RCR
901 Тип документа __
t Тип документа b
w Контрольный № источника RU/УОНБ/EK_Kray/637924627
909 Создатель записи __
a Создатель записи Бороденкова
938 Служебная информация __
a Имя БД kraeved_work
b Имя библиотеки УОНБ
c Имя АИБС МАРК-SQL
d Номер DOC_ID в БД 139816